000 00660nam a2200217Ii 4500
003 JO-AjNU
008 230606s9999||||xx |||||||||||||| ||und||
020 _a978-981-4670-15-9/981-4670-15-4
040 _aJO-AjNU
_beng
_erda
_cJO-AjNU
041 _aeng
050 1 4 _aHG4026.H469 2016
100 3 _aHiggins, Robert, Koski, Jennifer, Mitton, Todo,
_eauthor
_95943
245 0 0 _aAnalysis For Financial Management
250 _a11 ed
264 3 1 _aNew York: McGraw-Hill, 2016
300 _a450P
336 _atext
_btxt
_2rdacontent
337 _aunmediated
_bn
_2rdamedia
338 _avolume
_bnc
_2rdacarrier
650 4 _a Corporations - Finance
_95944
999 _aE3083
_c3080
_d3080